000 00614nam a2200169Ia 4500
999 _c58694
_d58694
003 GCL
005 20240530110121.0
008 140319s9999 xx 000 0 ara d
040 _aGCL /
_cGCL
082 0 4 _a015.62
_bم ت
100 1 _aمحمد جمال الدين الشوربجى (جمع)
245 1 0 _aقائمة باوائل المطبوعات العربية المحفوظة بدار الكتب حتى سنة 1862 /
_cمحمد جمال الدين الشوربجى (جمع)
260 _a[S.N] :
_bدار الكتب المصرية ،
_c1963
650 0 4 _aمصر
650 0 4 _aالكتب
942 _2ddc
_cBK